Animales en alemán - Estadísticas

Estadísticas generales
  • Esta prueba ha sido intentada 35 veces
  • La puntuación promedio es 11 de 21
Estadísticas de respuestas
Castellano Tiere (alemán) % Correcto
el perro der Hund
100%
el pez der Fisch
88%
el gato die Katze
88%
el caballo das Pferd
84%
la vaca die Kuh
84%
el ratón die Maus
80%
el hámster der Hamster
64%
el tigre der Tiger
60%
el lobo der Wolf
56%
el camello das Kamel
44%
la tortuga die Schildkröte
44%
el canguro das Känguru
40%
la araña die Spinne
40%
el conejo das Kaninchen
36%
la llama das Lama
36%
el antílope die Antilope
32%
el canario der Kanarienvogel
28%
el conejillo de indias das Meerschweinchen
24%
el bisonte der Bison
24%
la gabiota die Möwe
24%
el periquito der Wellensittich
20%
No se encontraron pruebas coincidentes
Distribución de puntuación
Porcentaje de gente con cada puntuación
Porcentaje por número respondido
Historial de tus puntuaciones
No has intentado esta prueba.